A mosoly országa Operettbemutató a szegedi színházban /

Elmentve itt :
Bibliográfiai részletek
Szerzők: Nikolényi István
Ács S. Sándor
Dokumentumtípus: Cikk
Megjelent: 1975-10-07
Sorozat:Délmagyarország 65 No. 235
Kulcsszavak:Szegedi Nemzeti Színház
Online Access:http://dmarchiv.bibl.u-szeged.hu/119622
LEADER 00538nab a2200169 i 4500
001 delm119622
005 20190423135426.0
008 190423s1975 hu o 0|| hun d
040 |a SZTE Délmagyarország Archívum  |b hun 
041 |a hun 
100 1 |a Nikolényi István 
245 1 2 |a A mosoly országa   |h [elektronikus dokumentum] :  |b Operettbemutató a szegedi színházban /  |c  Nikolényi István 
260 |c 1975-10-07 
300 |a 5 
490 0 |a Délmagyarország  |v 65 No. 235 
695 |a Szegedi Nemzeti Színház 
700 0 2 |a Ács S. Sándor  |e aut